Estudios sobre las revoluciones neolítica y urbana

Bibliographic Details
Main Author: Childe, Vere Gordon. 1892-1957
Format: Book
Language:Spanish
Subjects:

MARC

LEADER 00000cam a2200000 a 4500
001 103644
005 20230308171519.0
008 005011|1988 ||||||||r|||||||||||spa||
020 |a 9683606938 
040 |b spa 
041 1 |a spa 
082 0 |a 930.1 
100 1 |a Childe, Vere Gordon.  |d 1892-1957  |9 23567 
245 1 1 |a Estudios sobre las revoluciones neolítica y urbana  |c Vere Gordon Childe  |h imp 
264 |a MEXICO  |b UNAM  |c 1988 
300 |a 412 páginas:  |c 27.5 cm 
504 |a incl. ref. 
650 1 |a Revolucion neolitica  |9 61816 
650 1 |a Arqueologia americana  |9 24013 
650 1 |a Revolucion urbana  |9 8817 
852 |a UC-CDJBV  |c TERCER PISO  |f Donación  |k guillermina.martinez  |l 1  |m General  |p 20050117  |q 3,00  |r 2  |t 103644  |y 29301  |b 0  |d CDRC  |e CDRC  |g 930.1 TERCER PISO  |z 2005-50-11 
942 |c BK 
999 |c 36386  |d 36386